| 000 | 00839cad a22001935a 4500 | ||
|---|---|---|---|
| 001 | L156497 | ||
| 008 | 120529s2012 xxk g 000 0 eng d | ||
| 035 | _a(Sirsi) u156497 | ||
| 041 | 0 | _aeng | |
| 100 | _aLian, Ong See | ||
| 245 | 0 | 4 |
_aThe growing importance of building information modelling (BIM) _bpresentation to FIG _h[electronic resource] |
| 260 |
_aS.l. _bRICS _c2012 |
||
| 520 | _aThis short presentation explains what building information modelling (BIM) is and its different types of appilcations. It also shows the growth of BIM in the UK; what BIM does and its relevance to the surveying profession. | ||
| 650 | 2 | 4 |
_aBIM _96219 |
| 651 | 4 | _aInternational | |
| 690 |
_aBIM _96219 |
||
| 856 | 4 | 0 |
_uhttps://www.fig.net/pub/fig2012/ppt/ps03/ps03_ong_6246_ppt.pdf _zView the presentation free of charge at www.fig.net |
| 942 | _n0 | ||
| 999 |
_c114279 _d114279 |
||